书目信息 |
| 题名: |
光与建筑
|
|
| 作者: | 戴志中 , 蒋珂 , 卢昕 编著 | |
| 分册: | ||
| 出版信息: | 济南 山东科学技术出版社 2004.1 |
|
| 页数: | 140页 | |
| 开本: | 22×21cm | |
| 丛书名: | 建筑要素表现丛书 | |
| 单 册: | ||
| 中图分类: | TU113 | |
| 科图分类: | ||
| 主题词: | 建筑学: 光学--研究 , 建筑学 , 光学 | |
| 电子资源: | ||
| ISBN: | 7-5331-3603-9 | |
| 000 | 01095nam2 2200313 45 | |
| 001 | 012004000000 | |
| 005 | 20050119102352.93 | |
| 010 | @a7-5331-3603-9@dCNY 65.00 | |
| 100 | @a20040223d2004 em y0chiy0121 ea | |
| 101 | 0 | @achi |
| 102 | @aCN@b370000 | |
| 105 | @aa z 000yy | |
| 200 | 1 | @a光与建筑@Aguang yu jian zhu@f戴志中, 蒋珂, 卢昕编著 |
| 210 | @a济南@c山东科学技术出版社@d2004.1 | |
| 215 | @a140页@c图@d22×21cm | |
| 225 | 2 | @a建筑要素表现丛书@d= Series of expression of buliding essentials@zeng |
| 320 | @a附参考文献 | |
| 330 | @a本书从建筑设计的角度来探讨自然光对建筑功能、建筑构筑和建筑空间的作用,同时提出在建筑设计中引入自然光的具体手法,以及如何利用它来创造更加完美丰富的建筑空间和造型效果。 | |
| 410 | 0 | @12001 @a建筑要素表现丛书 |
| 510 | 1 | @aSeries of expression of buliding essentials@zeng |
| 606 | 0 | @a建筑学: 光学@x研究 |
| 606 | 0 | @a建筑学 |
| 606 | 0 | @a光学 |
| 690 | @aTU113@v4 | |
| 701 | 0 | @a戴志中@Adai zhi zhong@4编著 |
| 701 | 0 | @a蒋珂@Ajiang ke@4编著 |
| 701 | 0 | @a卢昕@Alu xin@4编著 |
| 801 | 0 | @aCN@bQSSK@c20050119 |
| 905 | @a10447@dTU113@eD140 | |
| 光与建筑/戴志中, 蒋珂, 卢昕编著.-济南:山东科学技术出版社,2004.1 |
| 140页:图;22×21cm.-(建筑要素表现丛书= Series of expression of buliding essentials) |
| ISBN 7-5331-3603-9:CNY 65.00 |
| 本书从建筑设计的角度来探讨自然光对建筑功能、建筑构筑和建筑空间的作用,同时提出在建筑设计中引入自然光的具体手法,以及如何利用它来创造更加完美丰富的建筑空间和造型效果。 |
| ● |
| 相关链接 |
|
|
|
正题名:光与建筑
索取号:TU113/D140
 
预约/预借
| 序号 | 登录号 | 条形码 | 馆藏地/架位号 | 状态 | 备注 |
| 1 | 438973 | 204389731 | 建筑库101/101建筑库 25排2列2层/ [索取号:TU113/D140] | 在馆 | |
| 2 | 438974 | 204389740 | 建筑库101/101建筑库 25排2列2层/ [索取号:TU113/D140] | 在馆 |